000
00305nam a2200133Ia 4500
008
231129s1981||||xx |||||||||||||| ||spa||
040
_b
spa
082
_a
Co863 ó65L
100
_a
Ordoñez Caballero Alvaro
245
0
_a
Lenguaje de silencios
260
_c
1981
264
_a
s.l.]
942
_2
ddc
_c
BKS
999
_c
19123
_d
19123